000 00412nam a22001817a 4500
999 _c11793
_d11793
003 OSt
008 230130b ||||| |||| 00| 0 eng d
020 _a9789354601132
082 _a339 CHM
100 _aSAMUELSON,Paul A
245 _aMacroeconomic
250 _a20th Ed
260 _aNew Delhi
_bTMH
_c2022
300 _a481
650 _aMacroeconomic
700 _aNORDHAUS,William D
942 _2ddc
_cREF